Harry Potter Quotes - Multiple choice - Statistics

General Stats
  • This quiz has been taken 148 times
  • The average score is 11 of 25
Answer Stats
Question Answer % Correct
"I enjoyed the meetings, too. It was like having friends." Luna Lovegood
87%
"How extraordinarily like your father you are, Potter." Severus Snape
87%
"If you want to know what a man's like, take a good look at how he treats his inferiors, not his equals." Sirius Black
80%
"I liked the DA! I learned loads with you!" Neville Longbottom
67%
"We are only as strong as we are united, as weak as we are divided." Albus Dumbledore
60%
"They are here to protect you all from something much worse... we all know what Black's capable of..." Cornelius Fudge
60%
"I don't think getting your head cut open makes you that special, myself." Draco Malfoy
53%
"But we're not stupid - we know we're called Gred and Forge George Weasley
53%
"Dumbledore's man through and through, aren't you, Potter?" Rufus Scrimgeour
53%
"If either of you get us caught, I'll never rest until I've learnt that Curse of the Bogies Quirrell told us about and used it on you." Ron Weasley
47%
"I am not worried, Harry. I am with you." Albus Dumbledore
40%
"People expect you to have cooler friends than us." Luna Lovegood
40%
"There is no good and evil, there is only power, and those too weak to seek it" Quirinus Quirrell
40%
"I've always thought Dumbledore was cracked to trust Snape." Ron Weasley
40%
"Don't let the Muggles get you down!" Ron Weasley
40%
"Numbing the pain for a while will make it worse when you finally feel it." Albus Dumbledore
33%
"Anyone can speak Troll, all you have to do is point and grunt." Fred Weasley
33%
"I want to be properly trained in defence because... because... because Lord Voldemort is back." Hermione Granger
33%
"Hearing voices no one else can hear isn't a good sign, even in the wizarding world." Ron Weasley
33%
"But there can't be anything worse than the Avada Kedavra Curse, can there?" Ron Weasley
27%
"That's the most stupid thing I've ever heard, including all the stuff that Luna Lovegood comes out with." Ron Weasley
27%
"The only people who can see Thestrals are people who have seen death." Hermione Granger
13%
"Don't count your owls before they are delivered." Albus Dumbledore
7%
"No one knows how he got out of Azkaban. No one's ever done it before." Ron Weasley
7%
"Not many people are aware that the Potters knew You-Know-Who was after them." Cornelius Fudge
0%
No matching quizzes found
Score Distribution
Percent of People with Each Score
Percentile by Number Answered
Your Score History
You have not taken this quiz